| 000 | 00876cam a2200277 i 4500 | ||
|---|---|---|---|
| 008 | |||
| 020 | _a9781473925069 (pbk.) | ||
| 049 | _aMAIN | ||
| 090 |
_aRT86 _bBAR |
||
| 100 | 1 | _aBarker, Sue. | |
| 245 | 1 | 0 |
_aPsychology for nursing and healthcare professionals : _bdeveloping compassionate care / _cSue Barker. |
| 260 |
_aLos Angeles : _bSAGE Publications Ltd, _c2016 |
||
| 300 |
_ax, 272 p. : _bill. ; _c24 cm |
||
| 504 | _aIncludes bibliographical references. | ||
| 500 | _aIncludes index. | ||
| 650 | 1 | 2 |
_aNursing Care _xpsychology. |
| 650 | 2 | 2 | _aPsychology, Applied. |
| 650 | 0 |
_aNursing _xPsychological aspects |
|
| 650 | 0 | _aClinical health psychology | |
| 650 | 0 | _aNurse and patient | |
| 907 |
_a.b10384078 _b26-09-17 _c26-09-17 |
||
| 003 | |||
| 005 | 20230120204223.0 | ||
| 040 | _cNUST | ||
| 942 |
_cBOOKS _kRT86 _mBAR |
||
| 999 |
_c119296 _d119296 |
||